Caminos recorridos y por recorrer : (Registro nro. 15536)
[ vista simple ]
| 000 -CABECERA | |
|---|---|
| campo de control de longitud fija | 01444nab a2200265 a 4500 |
| 001 - NÚMERO DE CONTROL | |
| campo de control | 15536 |
| 003 - IDENTIFICADOR DEL NÚMERO DE CONTROL | |
| campo de control | 30617 |
| 005 - FECHA Y HORA DE LA ÚLTIMA TRANSACCIÓN | |
| campo de control | 20240710094832.0 |
| 008 - DATOS DE LONGITUD FIJA--INFORMACIÓN GENERAL | |
| campo de control de longitud fija | ||||||n9999 ||| || || |
| 041 ## - CÓDIGO DE LENGUA | |
| Código de lengua del texto/banda sonora o título independiente | spa |
| 082 ## - NÚMERO DE LA CLASIFICACIÓN DECIMAL DEWEY | |
| Número de edición | 19 |
| Número de clasificación | 307.76 |
| 100 ## - ENTRADA PRINCIPAL--NOMBRE DE PERSONA | |
| Nombre de persona | Coraggio, José Luis |
| 245 #0 - MENCIÓN DE TÍTULO | |
| Título | Caminos recorridos y por recorrer : |
| Resto del título | las ideas y su contexto |
| 260 ## - PUBLICACIÓN, DISTRIBUCIÓN, ETC. | |
| Lugar de publicación, distribución, etc. | Ecuador : |
| Nombre del editor, distribuidor, etc. | Ciudad, |
| Fecha de publicación, distribución, etc. | 1990. |
| 300 ## - DESCRIPCIÓN FÍSICA | |
| Extensión | 343p |
| 505 ## - NOTA DE CONTENIDO CON FORMATO | |
| Nota de contenido con formato | Contenido: La investigación urbana en América Latina durante las últimas décadas / Jorge Enrique Hardoy ; Planificación urbana: evolución y perspectivas / Alberto Federico Sabaté, Federico G. Robert ; Hacer la historia de la investigación urbana: la experiencia francesa desde 1965 / Christian Topalov ; Crisis económica, política de austeridad y cuestión urbana en América Latina / Emilio Pradilla ; La urbanización en América Latina en los años de crisis / Alejandro Portes ; La urbanización y el crecimiento urbano en América Latina, desde una perspectiva demográfica / Alfredo E. Lattes ; Dilemas de la investigación urbana desde una perspectiva popular en América Latina / José Luis Coaraggio |
| 562 ## - NOTA DE IDENTIFICACIÓN DE LA COPIA Y VERSIÓN | |
| Número de copias | 1 |
| 526 ## - NOTA DE INFORMACIÓN SOBRE EL PROGRAMA DE ESTUDIO | |
| Nombre del programa | 10406 - ESPECIALIZACIÓN EN GESTIÓN Y PLANIFICACIÓN DEL DESARROLLO URBANO Y REGIONAL - A distancia |
| 526 ## - NOTA DE INFORMACIÓN SOBRE EL PROGRAMA DE ESTUDIO | |
| Nombre del programa | 4969 - ESPECIALIZACIÓN EN ADMINISTRACIÓN PÚBLICA CONTEMPORÁNEA - Presencial |
| 650 ## - PUNTO DE ACCESO ADICIONAL DE MATERIA--TÉRMINO DE MATERIA | |
| Término de materia o nombre geográfico como elemento de entrada | CRISIS ECONÓMICA--AMÉRICA LATINA |
| 650 ## - PUNTO DE ACCESO ADICIONAL DE MATERIA--TÉRMINO DE MATERIA | |
| Término de materia o nombre geográfico como elemento de entrada | SOCIOLOGÍA URBANA--AMÉRICA LATINA |
| 650 ## - PUNTO DE ACCESO ADICIONAL DE MATERIA--TÉRMINO DE MATERIA | |
| Término de materia o nombre geográfico como elemento de entrada | URBANISMO--INVESTIGACIONES--AMÉRICA LATINA |
| 773 ## - ENLACE AL DOCUMENTO FUENTE/ENTRADA DE REGISTRO ANFITRIÓN | |
| Número bibliográfico anfitrión | 15537 |
| Encabezamiento principal | La investigación urbana en América Latina |
| 942 ## - ELEMENTOS DE PUNTO DE ACCESO ADICIONAL (KOHA) | |
| Tipo de ítem Koha | Libro |
| Estado de retiro | Estado de pérdida | Estado dañado | No para préstamo | Código de colección | Localización permanente | Ubicación/localización actual | Coste, precio normal de compra | Total de préstamos | Signatura topográfica completa | Código de barras | Fecha visto por última vez | Número de copia | Tipo de ítem Koha |
|---|---|---|---|---|---|---|---|---|---|---|---|---|---|
| General | Bogotá - Sede Central | Bogotá - Sede Central | 10000.00 | 307.76 S35i v3 | 38358 | 22/02/2026 | 1 | Libro |

